UBT Library

The insider's guide to Austin. (Record no. 40393)

000 -LEADER
fixed length control field 01131cas a2200337 a 4500
001 - CONTROL NUMBER
control field 12290203
005 - DATE AND TIME OF LATEST TRANSACTION
control field 20180117033640.0
007 - PHYSICAL DESCRIPTION FIXED FIELD--GENERAL INFORMATION
fixed length control field t|
008 - FIXED-LENGTH DATA ELEMENTS--GENERAL INFORMATION
fixed length control field 990409c19999999mtuuu 0 a0eng c
010 ## - LIBRARY OF CONGRESS CONTROL NUMBER
LC control number 2001213021
022 0# - INTERNATIONAL STANDARD SERIAL NUMBER
International Standard Serial Number 1533-5216
Source 1
035 ## - SYSTEM CONTROL NUMBER
System control number (OCoLC)ocm41137540
037 ## - SOURCE OF ACQUISITION
Source of stock number/acquisition Falcon Distribution Services, P.O. Box 1718, Helena, MT 59624
Terms of availability $15.95
040 ## - CATALOGING SOURCE
Original cataloging agency WAPL
Language of cataloging eng
Transcribing agency WAPL
Modifying agency NSDP
-- DLC
-- OCoLC
-- IDes
041 ## - LANGUAGE CODE
Language code of text/sound track or separate title eng
042 ## - AUTHENTICATION CODE
Authentication code nsdp
-- pcc
043 ## - GEOGRAPHIC AREA CODE
Geographic area code n-us-tx
080 ## - UNIVERSAL DECIMAL CLASSIFICATION NUMBER
Universal Decimal Classification number 917 ROS
082 10 - DEWEY DECIMAL CLASSIFICATION NUMBER
Classification number 917 ROS
Edition number 13
100 ## - Rafti
Rafti 39
101 ## - Shkurtesa
Shkurtesa MED
210 0# - ABBREVIATED TITLE
Abbreviated title Insider's guide Austin
222 #4 - KEY TITLE
Key title The insider's guide to Austin
245 04 - TITLE STATEMENT
Title The insider's guide to Austin.
246 30 - VARYING FORM OF TITLE
Title proper/short title Austin
362 0# - DATES OF PUBLICATION AND/OR SEQUENTIAL DESIGNATION
Dates of publication and/or sequential designation 1st ed.-
906 ## - LOCAL DATA ELEMENT F, LDF (RLIN)
a 7
b cbc
c serials
d 2
e ncip
f 20
g n-oclcserc
942 ## - ADDED ENTRY ELEMENTS (KOHA)
Source of classification or shelving scheme
Item type Books
Holdings
Withdrawn status Lost status Source of classification or shelving scheme Damaged status Not for loan Collection code Permanent location Current location Shelving location Date acquired Total Checkouts Full call number Barcode Date last seen Price effective from Koha item type
          Koleksioni i përgjithshem UBT - Lipjan UBT - Lipjan Koleksioni i përgjithshem 01/17/2018   917 ROS 002-2995420 01/17/2018 01/17/2018 Books
UBT Library © 2015-2024. All rights reserved University Education for Business and Technology